[Event "Lopota WGP 2014"]
[Site "Lopota GEO"]
[Date "2014.06.19"]
[Round "1.1"]
[White "Koneru, Humpy"]
[Black "Stefanova, Antoaneta"]
[Result "1-0"]
[WhiteTitle "GM"]
[BlackTitle "GM"]
[WhiteElo "2613"]
[BlackElo "2488"]
[WhiteFideId "5008123"]
[BlackFideId "2902257"]
[EventDate "2014.06.19"]

1. d4 d6 2. e4 g6 3. Nc3 Bg7 4. Be3 a6 5. h4 h5 6. Qd2 b5 7. f3 Nd7 8. Nh3 Bb7
9. Ng5 e6 10. Be2 Ngf6 11. a4 b4 12. Nd1 c5 13. Nf2 Qe7 14. c3 bxc3 15. bxc3 O-O
16. O-O Rfb8 17. Rfb1 Ne8 18. Nd3 Bc6 19. Qa2 Nc7 20. Qa3 Bf8 21. dxc5 dxc5 22.
Nb2 Nb6 23. Nc4 Nxa4 24. Rxb8 Rxb8 25. Ne5 Be8 26. Ngxf7 Qxh4 27. Nxg6 Qf6 28.
Nxf8 Kxf7 29. Bxc5 Qxc3 30. Rc1 Qxa3 31. Bxa3 Nb5 32. Bxb5 axb5 33. Rc7+ Kg8 34.
Bb4 Rb6 35. Nh7 e5 36. Ng5 Rg6 37. Re7 Rxg5 38. Rxe8+ Kf7 39. Rb8 Nb2 40. Rxb5
Nc4 41. Kf2 h4 42. Rb7+ Kg6 43. Bc3 1-0

[Event "Lopota WGP 2014"]
[Site "Lopota GEO"]
[Date "2014.06.19"]
[Round "1.2"]
[White "Zhao, Xue"]
[Black "Khotenashvili, Bela"]
[Result "1/2-1/2"]
[WhiteTitle "GM"]
[BlackTitle "GM"]
[WhiteElo "2538"]
[BlackElo "2518"]
[WhiteFideId "8601283"]
[BlackFideId "13602640"]
[EventDate "2014.06.19"]

1. d4 d5 2. c4 e6 3. Nf3 Nf6 4. Nc3 Be7 5. Bg5 O-O 6. Qc2 dxc4 7. e3 c5 8. dxc5
Qa5 9. Bxc4 Qxc5 10. Bd3 h6 11. Bh4 b6 12. O-O Bb7 13. Rfd1 Na6 14. Qa4 Qb4 15.
Nd4 Qxa4 16. Nxa4 Nb4 17. Be2 Rac8 18. Nc3 g5 19. Bg3 Ne4 20. Ndb5 Bf6 21. Bd6
Nxd6 22. Nxd6 Rb8 23. Nxb7 Rxb7 24. Bf3 Rc7 25. Nb5 Rc2 26. a3 Na6 27. Rab1 Rxb2
28. Rxb2 Bxb2 29. Rb1 Be5 30. Nxa7 Bc7 31. Nb5 Be5 32. Rd1 Nc5 33. g3 Kg7 34.
Be2 Ra8 35. f4 Bb2 36. Rb1 Bf6 37. Rd1 Be7 38. Kg2 Ra4 39. Rd4 Rxd4 40. exd4 Ne4
41. a4 gxf4 42. gxf4 Bb4 43. Kf3 Nc3 44. Nxc3 Bxc3 45. Ke4 Kf6 46. Bc4 Ke7 47.
d5 exd5+ 48. Bxd5 Kf6 49. Bc4 Bd2 50. Bd5 Bc3 51. Bc4 Bd2 52. Bd5 Bc3 53. Bc4 1/2-1/2

[Event "Lopota WGP 2014"]
[Site "Lopota GEO"]
[Date "2014.06.19"]
[Round "1.3"]
[White "Hou, Yifan"]
[Black "Muminova, Nafisa"]
[Result "1-0"]
[WhiteTitle "GM"]
[BlackTitle "WGM"]
[WhiteElo "2629"]
[BlackElo "2332"]
[WhiteFideId "8602980"]
[BlackFideId "14201526"]
[EventDate "2014.06.19"]

1. e4 e5 2. Nf3 Nc6 3. Bb5 Nf6 4. d3 Bc5 5. Bxc6 dxc6 6. Nbd2 Qe7 7. O-O Bg4 8.
Nc4 O-O-O 9. Qe2 Nd7 10. Be3 f6 11. a3 Nf8 12. b4 Bd4 13. Bxd4 exd4 14. Rfb1 Ng6
15. h3 Nf4 16. Qd2 Nxh3+ 17. gxh3 Bxh3 18. a4 Qf7 19. Qf4 g5 20. Qh2 Be6 21.
Nfd2 f5 22. b5 c5 23. b6 axb6 24. a5 f4 25. axb6 cxb6 26. Nd6+ Rxd6 27. Ra8+ Kc7
28. Rxh8 Rd7 29. Qh6 Qe7 30. Nc4 1-0

[Event "Lopota WGP 2014"]
[Site "Lopota GEO"]
[Date "2014.06.19"]
[Round "1.4"]
[White "Ju, Wenjun"]
[Black "Danielian, Elina"]
[Result "1-0"]
[WhiteTitle "WGM"]
[BlackTitle "GM"]
[WhiteElo "2532"]
[BlackElo "2460"]
[WhiteFideId "8603006"]
[BlackFideId "13300210"]
[EventDate "2014.06.19"]

1. d4 Nf6 2. c4 e6 3. Nf3 Bb4+ 4. Nc3 d5 5. Bg5 h6 6. Bxf6 Qxf6 7. Qa4+ Nc6 8.
e3 O-O 9. Be2 dxc4 10. O-O a6 11. Bxc4 Bd6 12. Ne4 Qe7 13. Rfd1 e5 14. Nxd6 cxd6
15. Bd5 Bd7 16. Qa3 Rfe8 17. Rac1 Rac8 18. dxe5 dxe5 19. Qxe7 Rxe7 20. h3 g6 21.
Rc5 Rce8 22. a3 Kg7 23. Rdc1 Nd8 24. Nd2 Bc6 25. e4 f5 26. Nc4 Bxd5 27. exd5 Nf7
28. d6 Rd7 29. Rc7 Red8 30. Nb6 Rxd6 31. Rxb7 Rd1+ 32. Rxd1 Rxd1+ 33. Kh2 e4 34.
Nc4 Kg8 35. Rb6 g5 36. Rxa6 Rf1 37. Rg6+ Kf8 38. Rf6 f4 39. Nd6 Ke7 40. Nxe4 Re1
41. f3 Re2 42. Rf5 Ke6 43. Rf6+ Ke7 44. Rb6 Ne5 45. Rb3 Nc4 46. a4 Ne3 47. a5
Rxg2+ 48. Kh1 Rc2 49. a6 Rc1+ 50. Kh2 Ra1 51. Rb7+ Ke6 52. a7 Kd5 53. Rc7 Kd4
54. Rd7+ Kc4 55. Rb7 Kd5 56. Rc7 Kd4 57. Nc3 Kd3 58. Rd7+ Kc4 59. Nb1 Ra4 60.
b3+ Kxb3 61. Rd3+ Kb2 62. Ra3 Rxa7 63. Rxa7 Kxb1 64. Rh7 Kc2 65. Kg1 Kd2 66.
Rxh6 Ke2 67. Rh5 Kxf3 68. Rxg5 Ke2 69. Ra5 f3 70. Ra2+ Ke1 71. Rf2 1-0

[Event "Lopota WGP 2014"]
[Site "Lopota GEO"]
[Date "2014.06.19"]
[Round "1.6"]
[White "Harika, Dronavalli"]
[Black "Muzychuk, Anna"]
[Result "1/2-1/2"]
[WhiteTitle "GM"]
[BlackTitle "GM"]
[WhiteElo "2503"]
[BlackElo "2561"]
[WhiteFideId "5015197"]
[BlackFideId "14111330"]
[EventDate "2014.06.19"]

1. c4 c5 2. Nf3 Nc6 3. d4 cxd4 4. Nxd4 Nf6 5. Nc3 e6 6. g3 Qb6 7. Ndb5 Ne5 8.
Bg2 a6 9. Na4 Qd8 10. Nd6+ Bxd6 11. Qxd6 Nxc4 12. Qc5 d5 13. b3 Nd7 14. Qb4 Qa5
15. Ba3 Qxb4+ 16. Bxb4 a5 17. Bc3 Nce5 18. f4 b5 19. Bxe5 Nxe5 20. Nb6 Rb8 21.
Rc1 Bd7 22. Nxd5 exd5 23. fxe5 Ke7 24. Bxd5 Rbc8 25. Kf2 Be6 26. Bb7 Rxc1 27.
Rxc1 Rb8 28. Be4 a4 29. Rc7+ Kd8 30. Rc3 b4 31. Rd3+ Ke7 32. Bd5 axb3 33. axb3
Rc8 34. Bxe6 Kxe6 35. Rd4 Rb8 36. Re4 Rb5 37. Kf3 Kd5 38. Kf4 Ke6 39. h4 h5 40.
e3 g6 41. Rc4 Ke7 42. Rc7+ Ke6 43. Rc6+ Ke7 44. Ke4 Kd7 45. Ra6 Ke7 46. Kd4 Kd7
47. e4 Ke7 48. Rd6 Ra5 49. Rb6 Ra1 50. Rb7+ Ke6 51. Rb6+ Ke7 52. Ke3 Re1+ 53.
Kf3 Rf1+ 54. Ke2 Rc1 55. Rxb4 Rc3 56. Kf2 Ke6 57. Rb5 Rd3 58. b4 Rb3 59. Kg2 Re3
60. Rc5 Rxe4 61. b5 Rxe5 62. Rxe5+ Kxe5 63. Kf3 f6 64. b6 Kd6 65. Ke4 Kc6 66. b7
Kxb7 67. Kd5 Kc7 68. Ke6 g5 69. Kxf6 gxh4 70. gxh4 Kd7 71. Kg6 Ke7 72. Kxh5 Kf7
73. Kh6 Kg8 74. h5 Kh8 75. Kg6 Kg8 76. h6 Kh8 77. h7 1/2-1/2

[Event "Lopota WGP 2014"]
[Site "Lopota GEO"]
[Date "2014.06.20"]
[Round "2.3"]
[White "Danielian, Elina"]
[Black "Dzagnidze, Nana"]
[Result "1/2-1/2"]
[WhiteTitle "GM"]
[BlackTitle "GM"]
[WhiteElo "2460"]
[BlackElo "2541"]
[WhiteFideId "13300210"]
[BlackFideId "13601903"]
[EventDate "2014.06.19"]

1. d4 e6 2. c4 Nf6 3. Nc3 Bb4 4. Qc2 O-O 5. a3 Bxc3+ 6. Qxc3 d6 7. Bg5 Nbd7 8.
Nf3 b6 9. Nd2 Bb7 10. f3 c5 11. e4 Rc8 12. Bd3 h6 13. Bh4 d5 14. exd5 Nxd5 15.
Bxd8 Nxc3 16. Be7 Rfe8 17. Bd6 Na4 18. b3 Nc3 19. dxc5 Nxc5 20. Bxc5 Rxc5 21.
Rc1 Nb5 22. Be4 Bxe4 23. Nxe4 Rc6 24. Kf2 Nd4 25. Rb1 f5 26. Nc3 Rd6 27. Rhd1
Red8 28. Rb2 Kf7 29. h4 R6d7 30. f4 Nc6 31. Rxd7+ Rxd7 32. Ke3 Na5 33. Nb5 Kf6
34. Nd4 e5 35. fxe5+ Kxe5 36. Nf3+ Kf6 37. g3 g5 38. hxg5+ hxg5 39. Nd4 Ke5 40.
Nf3+ Kf6 41. Nd4 Ke5 42. Nf3+ Kf6 43. Nd4 Ke5 1/2-1/2

[Event "Lopota WGP 2014"]
[Site "Lopota GEO"]
[Date "2014.06.20"]
[Round "2.4"]
[White "Muminova, Nafisa"]
[Black "Ju, Wenjun"]
[Result "1/2-1/2"]
[WhiteTitle "WGM"]
[BlackTitle "WGM"]
[WhiteElo "2332"]
[BlackElo "2532"]
[WhiteFideId "14201526"]
[BlackFideId "8603006"]
[EventDate "2014.06.19"]

1. e4 c5 2. Nf3 Nc6 3. Bb5 d6 4. O-O Bd7 5. Re1 Nf6 6. c3 a6 7. Bf1 Bg4 8. h3
Bxf3 9. Qxf3 g6 10. d3 Bg7 11. Na3 O-O 12. Nc2 e5 13. Bg5 h6 14. Bh4 Nb8 15. d4
cxd4 16. cxd4 exd4 17. Nxd4 Nbd7 18. Rad1 Re8 19. Bg3 Qb6 20. Nb3 Re6 21. Nd4
Ree8 22. Nb3 Re6 23. Nd4 Ree8 24. Nb3 1/2-1/2

[Event "Lopota WGP 2014"]
[Site "Lopota GEO"]
[Date "2014.06.20"]
[Round "2.5"]
[White "Khotenashvili, Bela"]
[Black "Hou, Yifan"]
[Result "0-1"]
[WhiteTitle "GM"]
[BlackTitle "GM"]
[WhiteElo "2518"]
[BlackElo "2629"]
[WhiteFideId "13602640"]
[BlackFideId "8602980"]
[EventDate "2014.06.19"]

1. d4 Nf6 2. c4 e6 3. Nc3 Bb4 4. e3 O-O 5. Bd3 d5 6. Nf3 c5 7. O-O b6 8. cxd5
exd5 9. Ne5 Ba6 10. Bxa6 Nxa6 11. Qa4 Nb8 12. dxc5 bxc5 13. Rd1 Qd6 14. Nf3 Bxc3
15. bxc3 Nbd7 16. Ba3 Qe6 17. Rac1 Rfd8 18. h3 Ne4 19. c4 Nb6 20. cxd5 Rxd5 21.
Qc2 Rad8 22. Rxd5 Rxd5 23. Bb2 h6 24. a4 Nd7 25. Qb3 a6 26. Qc2 Nf8 27. Ba1 Ng6
28. Qb2 f6 29. Qc2 Kh7 30. Rb1 h5 31. Rb7 Qc6 32. Rb1 Qe6 33. Rb7 Kh6 34. Rb1
Qf5 35. Rc1 Rd2 36. Nxd2 Qxf2+ 37. Kh1 Ng3+ 38. Kh2 Nh4 39. Rg1 Ne2 40. Qd1 Nxg1
41. Qxg1 Qxd2 42. Qf1 Qxe3 43. Bb2 Qe4 44. Qf2 Kh7 45. Bc3 c4 46. a5 Nf5 47. Bd2
Qd3 48. g4 Nd4 49. Be3 Nc2 50. Bf4 c3 51. Qc5 Qe2+ 52. Kg1 Qe1+ 53. Kh2 Qe4 54.
Qxh5+ Kg8 55. Kg1 Nd4 0-1

[Event "Lopota WGP 2014"]
[Site "Lopota GEO"]
[Date "2014.06.20"]
[Round "2.6"]
[White "Koneru, Humpy"]
[Black "Zhao, Xue"]
[Result "1/2-1/2"]
[WhiteTitle "GM"]
[BlackTitle "GM"]
[WhiteElo "2613"]
[BlackElo "2538"]
[WhiteFideId "5008123"]
[BlackFideId "8601283"]
[EventDate "2014.06.19"]

1. d4 Nf6 2. c4 e6 3. Nf3 b6 4. g3 Bb4+ 5. Nbd2 Ba6 6. Qa4 c5 7. dxc5 Bxc5 8.
Bg2 Bb7 9. b4 Be7 10. Bb2 O-O 11. O-O Qc7 12. Rac1 d6 13. Rfd1 Nbd7 14. a3 Rac8
15. Qb3 Qb8 16. Nd4 Bxg2 17. Kxg2 Qb7+ 18. f3 Rfe8 19. Nb5 a6 20. Nc3 b5 21.
Nce4 bxc4 22. Nxf6+ Nxf6 23. Nxc4 d5 24. Na5 Qb5 25. Qd3 Qxd3 26. exd3 Nd7 27.
f4 f6 28. Rc6 Nb8 29. Rcc1 Kf7 30. Kf3 Bf8 31. Re1 h5 32. h3 Nd7 33. Rc6 Rxc6
34. Nxc6 Rc8 35. Rc1 Ke8 36. Nd4 Rxc1 37. Bxc1 Ke7 38. g4 hxg4+ 39. hxg4 e5 40.
Nb3 Kd6 41. fxe5+ Nxe5+ 42. Ke2 Kc6 43. Nd4+ Kb6 44. Ne6 Bd6 45. Nxg7 Nxg4 46.
Nf5 Bf8 47. d4 a5 48. bxa5+ Kxa5 49. Kf3 Ne5+ 50. dxe5 fxe5 51. Ne3 e4+ 52. Kf4
Ka4 53. Nxd5 Bh6+ 54. Kxe4 Bxc1 55. Kd3 Bxa3 56. Ke4 1/2-1/2

[Event "Lopota WGP 2014"]
[Site "Lopota GEO"]
[Date "2014.06.21"]
[Round "3.2"]
[White "Hou, Yifan"]
[Black "Koneru, Humpy"]
[Result "1/2-1/2"]
[WhiteTitle "GM"]
[BlackTitle "GM"]
[WhiteElo "2629"]
[BlackElo "2613"]
[WhiteFideId "8602980"]
[BlackFideId "5008123"]
[EventDate "2014.06.19"]

1. g3 Nf6 2. Bg2 g6 3. e4 e5 4. Ne2 Bg7 5. Nbc3 c6 6. d4 d6 7. h3 b5 8. Be3 Bb7
9. dxe5 dxe5 10. Qxd8+ Kxd8 11. a4 a6 12. Nc1 Nbd7 13. Nd3 Kc7 14. O-O Ne8 15.
h4 Nd6 16. Bh3 Rad8 17. axb5 axb5 18. Bxd7 Rxd7 19. Nc5 Rdd8 20. Nxb7 Nxb7 21.
Ra6 Ra8 22. Bb6+ Kd7 23. Rfa1 Rxa6 24. Rxa6 Rb8 25. Ra7 Bf6 26. Na2 Be7 27. Nc1
Bd6 28. Nd3 f5 29. b4 Ke6 30. f3 fxe4 31. fxe4 h5 32. Kg2 Nd8 33. Nc5+ Bxc5 34.
bxc5 Kf6 35. c3 Ne6 36. Kf3 Rf8 37. Ke3 Rf7 38. Ra8 Rf8 39. Ra7 Rf7 40. Ra6 Rf8
41. Ra2 Ke7 42. Ra7+ Kf6 43. Rd7 Ra8 44. Rd6 Ra3 45. Kd2 Ra2+ 46. Ke3 Ra3 47.
Kd2 Ra2+ 48. Ke3 Ra3 49. Kd2 1/2-1/2

[Event "Lopota WGP 2014"]
[Site "Lopota GEO"]
[Date "2014.06.21"]
[Round "3.3"]
[White "Ju, Wenjun"]
[Black "Khotenashvili, Bela"]
[Result "1-0"]
[WhiteTitle "WGM"]
[BlackTitle "GM"]
[WhiteElo "2532"]
[BlackElo "2518"]
[WhiteFideId "8603006"]
[BlackFideId "13602640"]
[EventDate "2014.06.19"]

1. e4 e5 2. Nc3 Nf6 3. g3 Bc5 4. Bg2 O-O 5. Nge2 Re8 6. O-O c6 7. d4 exd4 8.
Nxd4 h6 9. a3 Bf8 10. Bf4 d6 11. h3 Na6 12. Re1 Nc5 13. g4 a5 14. Qd2 Qb6 15. b3
Bd7 16. Nf5 Bxf5 17. gxf5 Rad8 18. Be3 Qc7 19. Bd4 Ncd7 20. f4 b5 21. b4 c5 22.
Bf2 Rb8 23. bxc5 b4 24. axb4 axb4 25. Nd5 Nxd5 26. Qxd5 dxc5 27. e5 Nb6 28. Qc6
Qxc6 29. Bxc6 Rec8 30. Bb5 Rc7 31. e6 Be7 32. Ra6 fxe6 33. Rxe6 Nc8 34. Bc4 Kf8
35. Kf1 Rbb7 36. Ra8 Ra7 37. Rb8 Rab7 38. Ra8 Ra7 39. Rb8 Rab7 40. Rxb7 Rxb7 41.
Rc6 Nd6 42. Bd5 Rb8 43. f6 gxf6 44. Bxc5 Ne8 45. Be3 Rd8 46. Be4 Nd6 47. Bd3 Rb8
48. Rb6 Rxb6 49. Bxb6 Nb7 50. Be3 Nc5 51. Bc4 Kg7 52. Ke2 Kg6 53. Kf3 f5 54. Bd5
Na4 55. Bd4 Nc3 56. Bc6 Bd6 57. Be8+ Kh7 58. Bd7 Kg6 59. h4 Nd5 60. h5+ Kxh5 61.
Be8+ Kh4 62. Bf2+ Kh3 63. Bd7 Ne7 64. Bg3 Bxf4 65. Bxf4 h5 66. Bd6 Nd5 67. Bxf5+
Kh4 68. Be6 b3 69. cxb3 Nf4 70. Be7# 1-0

[Event "Lopota WGP 2014"]
[Site "Lopota GEO"]
[Date "2014.06.21"]
[Round "3.4"]
[White "Dzagnidze, Nana"]
[Black "Muminova, Nafisa"]
[Result "1-0"]
[WhiteTitle "GM"]
[BlackTitle "WGM"]
[WhiteElo "2541"]
[BlackElo "2332"]
[WhiteFideId "13601903"]
[BlackFideId "14201526"]
[EventDate "2014.06.19"]

1. c4 e6 2. Nc3 d5 3. d4 c6 4. e3 Nd7 5. Nf3 Ngf6 6. Qc2 Bd6 7. b3 b6 8. Be2 Bb7
9. O-O O-O 10. Bb2 Qe7 11. Rad1 Rac8 12. e4 e5 13. dxe5 Nxe5 14. Nd4 Bc5 15. f4
Neg4 16. e5 Ne3 17. exf6 Qxf6 18. Qd2 Rfe8 19. Na4 Nxd1 20. Bxd1 Bxd4+ 21. Bxd4
Qd6 22. c5 Qe7 23. Bg4 Ba6 24. Rc1 Rb8 25. cxb6 axb6 26. Nxb6 Qc7 27. Nd7 Ra8
28. Bxg7 f5 29. Bxf5 Kxg7 30. Qc3+ Kg8 31. Qg3+ Kf7 32. Qh4 Qa7+ 33. Kh1 Qd4 34.
Qxh7+ Qg7 35. Bg6+ 1-0

[Event "Lopota WGP 2014"]
[Site "Lopota GEO"]
[Date "2014.06.21"]
[Round "3.5"]
[White "Harika, Dronavalli"]
[Black "Danielian, Elina"]
[Result "1/2-1/2"]
[WhiteTitle "GM"]
[BlackTitle "GM"]
[WhiteElo "2503"]
[BlackElo "2460"]
[WhiteFideId "5015197"]
[BlackFideId "13300210"]
[EventDate "2014.06.19"]

1. c4 Nf6 2. Nf3 e6 3. g3 d5 4. d4 Be7 5. Bg2 O-O 6. O-O Nbd7 7. Nc3 dxc4 8. a4
c5 9. a5 a6 10. e4 b5 11. axb6 Nxb6 12. Bg5 Bb7 13. Bxf6 Bxf6 14. dxc5 Nd7 15.
e5 Be7 16. Qe2 Bxc5 17. Nd2 Bxg2 18. Kxg2 Bd4 19. Nxc4 Qc7 20. Rfd1 Bxc3 21.
bxc3 a5 22. Kg1 h6 23. Qe3 Qxc4 24. Rxd7 a4 25. Rd4 Qc6 26. Qe4 Qxe4 27. Rxe4 a3
28. Rb4 Ra5 29. c4 Rfa8 30. Rb3 g5 31. Rc3 a2 32. Rc2 Rc8 33. Raxa2 Rxa2 34.
Rxa2 Rxc4 35. h3 h5 36. Kg2 Kg7 37. f3 h4 38. g4 Rc5 39. Re2 Kf8 40. Kf2 Ke7 41.
Re4 Rc2+ 42. Re2 Rc5 43. Re4 Rc2+ 44. Re2 Rc5 1/2-1/2

[Event "Lopota WGP 2014"]
[Site "Lopota GEO"]
[Date "2014.06.22"]
[Round "4.2"]
[White "Danielian, Elina"]
[Black "Muzychuk, Anna"]
[Result "1-0"]
[WhiteTitle "GM"]
[BlackTitle "GM"]
[WhiteElo "2460"]
[BlackElo "2561"]
[WhiteFideId "13300210"]
[BlackFideId "14111330"]
[EventDate "2014.06.19"]

1. d4 Nf6 2. c4 e6 3. Nc3 Bb4 4. Qc2 d5 5. cxd5 exd5 6. Nf3 c5 7. dxc5 d4 8. a3
Ba5 9. b4 dxc3 10. bxa5 Qxa5 11. e4 Nc6 12. Rb1 Qxc5 13. Rb5 Qe7 14. Bd3 Bg4 15.
Be3 Bxf3 16. gxf3 O-O 17. Qxc3 Rfd8 18. O-O Rac8 19. Rc1 Qd7 20. Bc4 Kh8 21. Kg2
b6 22. e5 Ne4 23. Qb2 Na5 24. e6 fxe6 25. Rxa5 bxa5 26. fxe4 Qf7 27. Qe5 Qg6+
28. Kh3 Rf8 29. Be2 Rxc1 30. Bxc1 h6 31. Be3 Rf6 32. Bxa7 Qg1 33. Qb8+ Kh7 34.
Qg3 Qe1 35. e5 Rf7 36. Bd3+ Kg8 37. Be3 Qd1 38. Be4 Qa4 39. Qg6 Qxa3 40. Qxe6
Qa1 41. Qc8+ 1-0

[Event "Lopota WGP 2014"]
[Site "Lopota GEO"]
[Date "2014.06.22"]
[Round "4.3"]
[White "Muminova, Nafisa"]
[Black "Harika, Dronavalli"]
[Result "0-1"]
[WhiteTitle "WGM"]
[BlackTitle "GM"]
[WhiteElo "2332"]
[BlackElo "2503"]
[WhiteFideId "14201526"]
[BlackFideId "5015197"]
[EventDate "2014.06.19"]

1. e4 e6 2. d4 d5 3. e5 c5 4. c3 Qb6 5. Nf3 Nc6 6. a3 Nge7 7. b4 cxd4 8. cxd4
Nf5 9. Be3 f6 10. Bd3 Nxe3 11. fxe3 fxe5 12. b5 Nxd4 13. exd4 e4 14. O-O exf3
15. Rf2 Be7 16. Nd2 Qxd4 17. Nxf3 Qe3 18. Kf1 O-O 19. Qb1 Qh6 20. Qc2 Bd8 21.
Ke1 Bd7 22. Kd1 Rc8 23. Qb3 Bf6 24. Raa2 Rc1+ 25. Ke2 d4 26. Nxd4 Bxd4 27. Bxh7+
Kxh7 28. Qd3+ Rf5 29. Rxf5 exf5 0-1

[Event "Lopota WGP 2014"]
[Site "Lopota GEO"]
[Date "2014.06.22"]
[Round "4.4"]
[White "Khotenashvili, Bela"]
[Black "Dzagnidze, Nana"]
[Result "0-1"]
[WhiteTitle "GM"]
[BlackTitle "GM"]
[WhiteElo "2518"]
[BlackElo "2541"]
[WhiteFideId "13602640"]
[BlackFideId "13601903"]
[EventDate "2014.06.19"]

1. d4 Nf6 2. c4 e6 3. Nf3 b6 4. a3 Ba6 5. Qc2 Bb7 6. Bf4 Bd6 7. Bxd6 cxd6 8. Nc3
Bxf3 9. gxf3 Nc6 10. e3 Rc8 11. Bd3 O-O 12. h4 Re8 13. h5 Qe7 14. Ke2 Na5 15.
Qa4 d5 16. cxd5 exd5 17. Rag1 h6 18. Rg3 Qd6 19. Qd1 Kh8 20. Qg1 Nb3 21. Rh4
Rxc3 22. bxc3 Qxa3 23. Kf1 Nc1 24. Rxg7 Nxd3 25. Qg3 Qxc3 26. Rxf7 Rg8 27. Rg4
Nxg4 28. fxg4 Qc1+ 29. Kg2 Qc6 30. Kh3 Qe6 31. Rf3 a5 32. Qh4 Rg5 33. Kg3 a4 34.
Rf8+ Kg7 35. Ra8 b5 36. Kf3 Qe4+ 37. Kg3 Ne1 0-1

[Event "Lopota WGP 2014"]
[Site "Lopota GEO"]
[Date "2014.06.22"]
[Round "4.5"]
[White "Koneru, Humpy"]
[Black "Ju, Wenjun"]
[Result "1/2-1/2"]
[WhiteTitle "GM"]
[BlackTitle "WGM"]
[WhiteElo "2613"]
[BlackElo "2532"]
[WhiteFideId "5008123"]
[BlackFideId "8603006"]
[EventDate "2014.06.19"]

1. d4 Nf6 2. c4 g6 3. Nc3 Bg7 4. e4 d6 5. Be2 O-O 6. Bg5 c5 7. d5 e6 8. Qd2 exd5
9. exd5 Re8 10. Nf3 Bg4 11. O-O Nbd7 12. h3 Bxf3 13. Bxf3 a6 14. Be2 Qe7 15.
Rfe1 Qf8 16. Bf4 Ne4 17. Nxe4 Rxe4 18. Bd3 Ree8 19. Rab1 Be5 20. Bh6 Bg7 21. Be3
Be5 22. Re2 Re7 23. Rbe1 Rae8 24. Bc2 f5 25. Bg5 Bf6 26. Re6 Bxg5 27. Qxg5 Ne5
28. Rxe7 Qxe7 29. Qxe7 Rxe7 30. Kf1 f4 31. b3 Kg7 32. Re4 g5 33. h4 h6 34. hxg5
hxg5 35. f3 Re8 36. g3 fxg3 37. Kg2 Rf8 38. Bd1 Rf4 39. Kxg3 Rxe4 40. fxe4 Kf6
41. Be2 b6 42. Kh3 Ng6 43. Kg4 Nf8 44. Kh5 Nd7 45. Bg4 Ne5 46. Be2 a5 47. a4 Ng6
48. Kg4 Nf4 49. Bf1 Ng6 50. Be2 Nh8 51. Kh5 Nf7 52. Bf3 Kg7 53. Bg4 Kf6 54. Bf3
Ne5 55. Be2 Ng6 56. Kg4 Ne5+ 57. Kh5 Nd7 58. Bg4 Ne5 1/2-1/2

[Event "Lopota WGP 2014"]
[Site "Lopota GEO"]
[Date "2014.06.22"]
[Round "4.6"]
[White "Zhao, Xue"]
[Black "Hou, Yifan"]
[Result "0-1"]
[WhiteTitle "GM"]
[BlackTitle "GM"]
[WhiteElo "2538"]
[BlackElo "2629"]
[WhiteFideId "8601283"]
[BlackFideId "8602980"]
[EventDate "2014.06.19"]

1. c4 c5 2. Nf3 g6 3. Nc3 Bg7 4. a3 Nc6 5. Rb1 d6 6. b4 b6 7. e3 Bxc3 8. dxc3
Bf5 9. Ra1 Nf6 10. Be2 Qd7 11. O-O h6 12. Bd2 e5 13. Be1 e4 14. Nd2 Ne5 15. f3
exf3 16. Bxf3 Rd8 17. Bh4 g5 18. Bg3 O-O 19. Bd5 Rde8 20. e4 Nxd5 21. cxd5 Bg6
22. Rf6 Qe7 23. Bxe5 Qxe5 24. Qf3 cxb4 25. axb4 Rc8 26. Rf1 Qxc3 27. Qxc3 Rxc3
28. Rxd6 Rd3 29. Rf2 Rc8 30. e5 Rc1+ 31. Nf1 Re1 32. e6 Rxe6 33. Rxe6 fxe6 34.
dxe6 Rd1 35. Rf6 Kg7 36. Rf3 Rb1 37. Ra3 a6 38. e7 Kf7 39. Re3 Ke8 40. Kf2 Rxb4
41. Ng3 Rf4+ 42. Ke1 Rf7 0-1

[Event "Lopota WGP 2014"]
[Site "Lopota GEO"]
[Date "2014.06.24"]
[Round "5.2"]
[White "Ju, Wenjun"]
[Black "Zhao, Xue"]
[Result "1-0"]
[WhiteTitle "WGM"]
[BlackTitle "GM"]
[WhiteElo "2532"]
[BlackElo "2538"]
[WhiteFideId "8603006"]
[BlackFideId "8601283"]
[EventDate "2014.06.19"]

1. Nf3 Nf6 2. c4 b6 3. g3 c5 4. Bg2 Bb7 5. O-O g6 6. Nc3 Bg7 7. d4 cxd4 8. Qxd4
d6 9. Be3 Nbd7 10. Rac1 O-O 11. Qh4 Qb8 12. Rfd1 Rc8 13. b3 a6 14. g4 h6 15. g5
hxg5 16. Bxg5 Rc5 17. b4 Rc7 18. Nd5 Nxd5 19. cxd5 Nf6 20. Bxf6 Bxf6 21. Ng5
Bxg5 22. Qxg5 Rxc1 23. Rxc1 Qd8 24. h4 Rc8 25. Rxc8 Bxc8 26. h5 Kg7 27. Be4 Qe8
28. f4 f5 29. Bf3 Qf7 30. Kf2 Qf6 31. Kg3 Bd7 32. Kh4 Be8 33. hxg6 Bb5 34. Kh5
Kg8 35. Qxf6 exf6 36. Kh6 a5 37. bxa5 bxa5 38. e3 Bc4 39. a3 Bb5 40. Bd1 Be8 41.
Bc2 Bd7 42. g7 1-0

[Event "Lopota WGP 2014"]
[Site "Lopota GEO"]
[Date "2014.06.24"]
[Round "5.3"]
[White "Dzagnidze, Nana"]
[Black "Koneru, Humpy"]
[Result "1-0"]
[WhiteTitle "GM"]
[BlackTitle "GM"]
[WhiteElo "2541"]
[BlackElo "2613"]
[WhiteFideId "13601903"]
[BlackFideId "5008123"]
[EventDate "2014.06.19"]

1. c4 e5 2. Nc3 Nc6 3. g3 g6 4. Bg2 Bg7 5. Rb1 a5 6. e3 Nf6 7. Nge2 O-O 8. d3 d6
9. O-O Be6 10. Nd5 Qd7 11. Nec3 Nd8 12. Bd2 Nxd5 13. cxd5 Bh3 14. Bxh3 Qxh3 15.
Qa4 f5 16. Nb5 Nf7 17. f4 Rfc8 18. Rbc1 c6 19. dxc6 bxc6 20. Nc3 exf4 21. Rxf4
Ne5 22. Nd1 Qh5 23. Bc3 Qe2 24. Qb3+ d5 25. Bxe5 Bxe5 26. Rf2 Qg4 27. Rxc6 Rd8
28. d4 Rab8 29. Qd3 Bg7 30. Rc5 h5 31. Rxa5 Bh6 32. Qe2 Qe4 33. Qf3 Qd3 34. Qe2
Qe4 35. Rc5 Re8 36. Qf3 Qd3 37. Kg2 Re4 38. Rxd5 Rc8 39. Rc5 Rxc5 40. dxc5 Qc4
41. Nc3 Re5 42. Qc6 Kh7 43. e4 h4 44. exf5 gxf5 45. Qd7+ Bg7 46. c6 Qg4 47. Rf4
h3+ 48. Kf1 Qg6 49. Nd5 1-0

[Event "Lopota WGP 2014"]
[Site "Lopota GEO"]
[Date "2014.06.24"]
[Round "5.4"]
[White "Harika, Dronavalli"]
[Black "Khotenashvili, Bela"]
[Result "1/2-1/2"]
[WhiteTitle "GM"]
[BlackTitle "GM"]
[WhiteElo "2503"]
[BlackElo "2518"]
[WhiteFideId "5015197"]
[BlackFideId "13602640"]
[EventDate "2014.06.19"]

1. Nf3 Nf6 2. c4 e6 3. d4 d5 4. g3 Be7 5. Bg2 O-O 6. O-O dxc4 7. Qc2 a6 8. a4
Bd7 9. Rd1 Bc6 10. Nc3 Bxf3 11. Bxf3 Nc6 12. Bxc6 bxc6 13. Bg5 Rb8 14. e3 a5 15.
Bxf6 Bxf6 16. Rac1 Rb4 17. Na2 Rb6 18. Nc3 Rb4 19. Ne4 Qd5 20. Nd2 c5 21. Ne4
Be7 22. Nxc5 Bxc5 23. dxc5 Qxc5 24. Rd4 Qe5 25. Rxc4 Rxb2 26. Qc3 Qxc3 27. R1xc3
g6 28. Rxc7 Rb4 29. Ra7 Rxa4 30. Rc5 h5 31. Rcxa5 Rxa5 32. Rxa5 Rb8 33. h4 Kg7
34. Kg2 Rb2 35. Rc5 Rd2 36. Ra5 Rb2 37. Rc5 Rd2 38. Ra5 Rb2 1/2-1/2